TAXATION IPCC (Record no. 5621)

MARC details
000 -LEADER
fixed length control field 00249nam a22001217a 4500
005 - DATE AND TIME OF LATEST TRANSACTION
control field 20171025093902.0
008 - FIXED-LENGTH DATA ELEMENTS--GENERAL INFORMATION
fixed length control field 171025b xxu||||| |||| 00| 0 eng d
041 ## - LANGUAGE CODE
Language code of text/sound track or separate title eng
082 ## - DEWEY DECIMAL CLASSIFICATION NUMBER
Classification number 336.24
245 ## - TITLE STATEMENT
Title TAXATION IPCC
300 ## - PHYSICAL DESCRIPTION
Number of Pages 252p,
942 ## - ADDED ENTRY ELEMENTS (KOHA)
Koha item type Books
Holdings
Lost status Damaged status Collection code Home library Current library Shelving location Date acquired Source of acquisition Full call number Accession Number Koha item type
    LAW JRU Library JRU Library SHELF-75-N 25/10/2017 DONATION 336.24 22141 Books